000
00277nam a2200121Ia 4500
008
190216s9999||||xx |||||||||||||| ||und||
100
_a
Lasrado S
245
0
_a
Text Book Of Chemistry
260
_b
Null
_c
1972
300
_a
xxxviii
650
_a
Chemistry-Chemistry
942
_c
BK
999
_c
2010
_d
2010